Представление документа в формате MARC21

Поле Инд. ПП Название Значение
Тип записи a
Библиографический уровень m
001 Контрольный номер RU/LIBMSTU/421856894
005 Дата корректировки 20170204111205.9
008 Кодируемые данные 130514|||||||||ru |||||||||||000|||rus||
020 a ISBN 978-5-91327-222-5
040 b Код языка каталог. rus
041 0_ a Код языка текста rus
084 a Индекс другой классификации/Индекс ББК 65.053я7+65.053.011я7
090 a Полочн. индекс 65.053
x Авторский знак Ф 59
245 10 a Заглавие Финансовый анализ: риски, кредитоспособность, инвестиции
b Продолж. заглавия учеб. пособие для вузов
c Ответственность [Кибиткин А. И. и др.] ; Рос. акад. естествознания
260 a Место издания Москва
b Издательство Акад. естествознания
c Дата издания 2013
300 a Объем 365 с.
b Иллюстрации/ тип воспроизводства ил.
500 a Примечание Авт. указаны на обороте тит. л.
504 a Библиография Библиогр.: с. 365
650 04 a Основная рубрика Финансовый анализ-Учебные издания для высших учебных заведений
653 0_ a Ключевые слова Анализ предринимательских рисков; Анализ финансовый; Анализ финансовой отчетности; Анализ финансовых рисков; Аудит; Инвестиции; Кредитоспособность; Риски финансовые; Финансовый анализ; Финансовый контроль
700 1_ a Другие авторы Кибиткин А. И.
e Роль лиц авт.
901 t Тип документа m
952 b Гриф литературы для ВШ Рекомендовано УМО РАЕ
c Вид литературы учебное пособие